Click the Asian Country Code - Statistics

General Stats
  • This quiz has been taken 627 times
  • The average score is 39 of 48
Answer Stats
Hint Answer % Correct
Saudi Arabia SA
91%
Georgia GE
90%
Jordan JO
90%
Laos LA
90%
Nepal NP
90%
Oman OM
90%
Philippines PH
90%
Uzbekistan UZ
90%
Yemen YE
90%
Afghanistan AF
89%
China CN
89%
Cyprus CY
89%
Japan JP
89%
Tajikistan TJ
89%
Turkey TR
89%
Taiwan TW
89%
Vietnam VN
89%
Azerbaijan AZ
88%
Kuwait KW
88%
Pakistan PK
88%
Qatar QA
88%
Syria SY
88%
Lebanon LB
87%
Maldives MV
87%
Singapore SG
87%
Brunei BN
86%
Iraq IQ
86%
Iran IR
85%
Mongolia MN
85%
Malaysia MY
85%
Bahrain BH
84%
Armenia AM
83%
India IN
83%
Thailand TH
83%
United Arab Emirates AE
81%
Bangladesh BD
77%
Turkmenistan TM
76%
Israel IL
75%
Kazakhstan KZ
73%
Indonesia ID
71%
South Korea KR
65%
East Timor TL
65%
Sri Lanka LK
61%
Myanmar MM
60%
Bhutan BT
53%
North Korea KP
51%
Kyrgyzstan KG
50%
Cambodia KH
46%
No matching quizzes found
Score Distribution
Percent of People with Each Score
Percentile by Number Answered
Your Score History
You have not taken this quiz